Les écrans d'attente des streamers smm - Statistiques

Statistiques générales
  • Ce quiz a été pris 9 fois
  • Le résultat moyen est 10 sur 16
Statistiques - réponses
Par images Réponse % Correct
elvieuxpec
100%
Gnomainain
100%
PixLyro
100%
poly_valentacookie
100%
SharkyDuGame_
100%
ZekethsM
100%
Terracraft15_
75%
GitanOfLegend
50%
Myokrom
50%
natsutv59
50%
SallyAmethystia
50%
TensaZangetsu22
50%
DonF_me
25%
LaCourgette42
25%
LoupAlphaGivre
25%
LevelKing888
0%
Aucun quiz correspondant
Distribution des résultats
% des personnes avec chaque résultat
Percentile par nombre de réponses
Votre historique - résultats
Vous n’avez pas pris ce quiz